Daňové podvody so zameraním na daň z pridanej hodnoty diplomová práca

Enregistré dans:
Détails bibliographiques
Auteur principal: Staník, Tibor
Collectivité auteur: Fakulta podnikového manažmentu EU. Katedra podnikových financií
Autres auteurs: Ďurinová, Ivona, 1964-
Format: Livre
Langue:slovaque
Publié: Bratislava 2011
Tags: Ajouter un tag
Pas de tags, Soyez le premier à ajouter un tag!

MARC

LEADER 00000nbm a2200000 4500
001 0131332
005 20161109101659.3
041 0 |a slo 
044 |a SK 
245 1 0 |a Daňové podvody so zameraním na daň z pridanej hodnoty  |b diplomová práca  |c Tibor Staník ; školiteľ: Ivona Ďurinová 
264 1 |a Bratislava  |c 2011 
300 |a 77 s. 
100 1 |a Staník, Tibor 
700 1 |a Ďurinová, Ivona, 1964- 
710 2 |a Fakulta podnikového manažmentu EU. Katedra podnikových financií